000 00507nam a2200157 a 4500
008 120416s0000 ||||||||||||||||| || u
020 _a0026623803
050 _aTL 152 Gle
100 _aGlenn, Harold
245 1 0 _aAuto mechanics
250 _a3rd ed.
260 _aCalifornia
_bBennet & McKnight
_c1976
300 _a551p. : ill.
350 _a0.00
995 _D0.00
_FCBU-MAIN LIBRARY (Kitwe)
_H1
_I17.28
_UAVAILABLE
_ZAnnex Low-Usage Collection
999 _c35327
_d35327